Statistics for The USA Quiz - N

Click here to take the quiz!

General Stats

  • This quiz has been taken 245 times
  • The average score is 21 of 33

Answer Stats

Answer% Correct
US States beginning with NNew York
97%
US States beginning with NNorth Dakota
94%
US States beginning with NNorth Carolina
93%
US States beginning with NNew Jersey
92%
37th PresidentRichard {Nixon}
91%
US States beginning with NNew Mexico
91%
US States beginning with NNew Hampshire
90%
US States beginning with NNebraska
89%
Five centsNickel
89%
US States beginning with NNevada
88%
Agency that is responsible for Space progamsNASA
83%
Operates car races across the USNASCAR
77%
Important Californian wine growing regionNapa Valley
75%
Largest Cities beginning with NNew York City
65%
Kids TV networkNickelodeon
65%
Largest Native American tribeNavajo
64%
The Peacock NetworkNBC
63%
NBABrooklyn {Nets}
60%
NBADenver {Nuggets}
56%
Played Spock in Star TrekLeonard Nimoy
53%
SwooshNike
52%
Helps quit smoking through the skinNicotine patch
52%
Second largest stock exhangeNASDAQ
48%
Largest Cities beginning with NNashville
46%
Major LeagueWashington {Nationals}
45%
Spies on everyoneNSA
43%
Synthetic polymer used during WW2Nylon
41%
Largest Cities beginning with NNew Orleans
40%
Does the TV ratingsNielsen
33%
Largest Cities beginning with NNewark
30%
Most Oscar nominated actorJack Nicholson
30%
Largest Cities beginning with NNorfolk
18%
Rupert Murdoch's publishing companyNews Corp
14%

Score Distribution

Percentile by Number Answered

Percent of People with Each Score

Your Score History

You have not taken this quiz